000
00294nam a22001337a 4500
008
170726b xxu||||| |||| 00| 0 eng d
020
_a
9781256563280
041
_a
eng
080
_a
004
100
_a
30
101
_a
SHK
245
_a
THE PEARSON CUSTOM PROGRAM
_c
DRIEND,J
942
_2
udc
_c
BK
999
_c
21944
_d
21944